000
00298nam a2200109Ia 4500
008
220204s9999 xx 000 0 und d
082
_a
338.45(058)
_b
SIR
245
0
_a
SIRI directory of industries in India
250
_a
Ed.2
260
_a
Delhi
_b
Small Industry Research Institute
_c
1983
942
_c
BK
999
_c
38924
_d
38924